| 000 | 01436nam a22001577a 4500 | ||
|---|---|---|---|
| 041 | _aukr | ||
| 080 | _a09 | ||
| 090 | _bКАЛ | ||
| 100 | _aКаленюк Я.Ю. | ||
| 245 | _aКонцепт "Правда" в англомовній картині світу | ||
| 260 |
_aОстрог _bКАФ _c2009 |
||
| 300 | _a47 | ||
| 520 |
_aВСТУП
РОЗДІЛ 1 КОГНІТИВНИЙ ПІДХІД У ЛІНГВІСТИЦІ ДО ВИВЧЕННЯ МОВНИХ ЯВИЩ
1.1 Когнітивна лінгвістика.
1.2 Концепт як обєкт вивчення когнітивної лінгвістики.
1.3 Семантика ментальності концепту.
1.4 Класифікація та структура концепту.
1.5 Концепт як відображення дійсності через мову.
РОЗДІЛ 2 ОСОБЛИВОСТІ ЛЕКСИКИ ОБРАЗНОГО СПРИЙНЯТТЯ КОНЦЕПТУ "ПРАВДА"
2.1 Підходи до вивчення концепту "Правда".
2.2 Культурно обумовлені особливості феномена концепту "Правда".
2.3 Значення лексеми правда.
2.4 Лексичне вираження концепту "правда".
2.5 Ідіоми з компонентом truth.
ВИСНОВКИ _0лінгвістика, концепт |
||
| 650 | _aResearch Papers | ||
| 999 |
_c284145 _d284145 |
||
| 942 | _cBK | ||